Canciones de Películas Disney - Estadísticas

Estadísticas generales
  • Esta prueba ha sido intentada 2.606 veces
  • La puntuación promedio es 12 de 20
Estadísticas de respuestas
Hint Respuesta % Correcto
Hazme un muñeco de nieve Frozen
94%
Bajo el mar La Sirenita
93%
Hay un amigo en mi Toy Story
92%
Un mundo ideal Aladdín
87%
Bibbidi babbidi boo Cenicienta
87%
Supercalifragilisticoespialidoso Mary Poppins
81%
De cero a héroe Hércules
79%
Colores en el viento Pocahontas
77%
El circo de la vida El Rey León
76%
Hijo de hombre Tarzán
73%
Todos quieren ser ya gato jazz Los Aristogatos
68%
Con valor Mulán
67%
Quiero ser como tú El libro de la selva
66%
Nuestro huésped La Bella y la Bestia
50%
Mi vida empieza aqui Enredados
46%
Ya llegaré Tiana y el Sapo
25%
Por donde tu vayas Peter Pan
18%
Cuando te volveré a ver ¡Rompe Ralph!
9%
Fuego de infierno El Jorobado de Notre Damme
4%
Mundo perfecto El emperador y sus Locuras
1%
No se encontraron pruebas coincidentes
Distribución de puntuación
Porcentaje de gente con cada puntuación
Porcentaje por número respondido
Historial de tus puntuaciones
No has intentado esta prueba.